Thermoplastics: Effects of processing (Record no. 22448)

MARC details
000 -LEADER
fixed length control field 00376nam a2200145Ia 4500
082 ## - DEWEY DECIMAL CLASSIFICATION NUMBER
Classification number 678.073
Item number OGO
245 #0 - TITLE STATEMENT
Title Thermoplastics: Effects of processing
260 ## - PUBLICATION, DISTRIBUTION, ETC. (IMPRINT)
Place of publication London
Name of publisher Iliffe
Year of publication 1969
650 ## - SUBJECT ADDED ENTRY--TOPICAL TERM
Topical Term Blow moulding
650 ## - SUBJECT ADDED ENTRY--TOPICAL TERM
Topical Term Injection moulding
650 ## - SUBJECT ADDED ENTRY--TOPICAL TERM
Topical Term Thermoplastics
700 ## - ADDED ENTRY--PERSONAL NAME
Personal name Ogorkiewilz, R M
942 ## - ADDED ENTRY ELEMENTS (KOHA)
Koha item type Books
Holdings
Withdrawn status Lost status Damaged status Not for loan Home library Current library Date acquired Full call number Accession Number Koha item type
        RRII Library RRII Library 16/12/2021 678.073 OGO 03168 Books